| 000 | 00727nam a2200205Ia 4500 | ||
|---|---|---|---|
| 008 | 0000001977 sp a 0000000000spa00 | ||
| 090 | _aPSP00 C78j | ||
| 100 | 1 |
_aCruspinera, Joan _d1945 |
|
| 245 | 1 | 0 | _aJoan Cruspinera |
| 300 |
_a[16] p. _c/ 24 cm. |
||
| 500 | _aExposición realizada en Galeria Lleonart, Barcelona, 1977 \ Con el patronazgo del maestro venezolano Jesús Rafael Soto (q.e.p.d.) \ | ||
| 600 | 0 | 0 |
_aCRUSPINERA, JOAN, 1945/ _xTRABAJOS ARTISTICOS |
| 650 | 1 | 4 | _aARTE CONTEMPORANEO ESPAÑOL |
| 650 | 1 | 4 | _xCATALOGOS |
| 650 | 1 | 4 | _aDIBUJOS ESPAÑOLES |
| 650 | 1 | 4 | _xEXPOSICIONES |
| 650 | 1 | 4 | _aPINTORES ESPAÑOLES |
| 650 | 1 | 4 | _aPINTURA ESPAÑOLA |
| 999 |
_c6880 _d6880 |
||
| 260 |
_aBarcelona : Galería Lleonart _c1977 |
||